00582cam a2200193ua 450000100060000000800390000604000090004504100120005408200120006610000240007824500580010225000090016026000370016930000160020650000920022265300140031470000340032870000260036222008160216n2011 II |||gr||||Z||||||eng aMAIN aEnglish a370 AKH aAKHTAR, DR. PARBIN. aUCHATTAR MADHYAMIK PRARAMBHIK SIKHYA ( For H.S. XII ) a1ST. aGUWAHATIbASSAM BOOK DEPOTc2011 a210:c24CM. aMRP BOOK - Minor Research Project by Dr. Rantu Gohain, Education Deptt, SGC, 03-05-2016 aEducation aAKHTAR, DR. PARBIN.,eAuthor. aSARMAH, DR. MUKUNDA .